000
00337nam a22001217a 4500
020
_a
9787223054300
100
_a
Liao Jiaxing
245
_a
Tibet Stories: 50 years and 50 persons
260
_a
China
_b
Tibet People's Publishing House
_c
2017
300
_a
420p
942
_2
ddc
_c
BK
999
_c
586525
_d
586525